| 000 | 01483cam a2200289 a 4500 | ||
|---|---|---|---|
| 005 | 20150903124545.0 | ||
| 008 | 080408s2008 enkab b 001 0 eng | ||
| 020 | _a9781844076154 | ||
| 020 | _a1844076156 | ||
| 040 |
_aDLC _cDLC _dDLC _dCO-BoIAVH |
||
| 041 | 0 | _aeng | |
| 044 | _aenk | ||
| 082 | 0 | 4 |
_a333.918 _bT94v |
| 100 | 1 | _aTurner, R. Kerry | |
| 245 | 1 | 0 |
_aValuing ecosystem services : _bthe case of multi-functional wetlands / _cR. Kerry Turner, Stavros Georgiou and Brendan Fisher. |
| 260 |
_aLondres ; _aSterling, VA : _bEarthscan, _c2008. |
||
| 300 |
_avi, 229 páginas : _bmapas y tablas ; _c24 cm. |
||
| 500 | _aIncluye listas de figuras, tablas y cajas. | ||
| 504 | _aIncluye referencias bibliográficas (Páginas 209-223) y índice. | ||
| 505 | 0 | _aEl enfoque de los servicios ecosistemicos a la gestión de los recursos naturales. Perspectivas, políticas de evaluación y criterios de evaluación socio-económicos. El enfoque de servicios de los ecosistémicos: la valoración de los humedales multifuncionales. La valoración económica de los servicios ecosistémicos de humedales en la práctica. Valoración de los humedales multifuncionales: Estudios de caso. | |
| 650 | 0 |
_aManejo de humedales _xAspectos económicos. |
|
| 650 | 0 |
_aManejo de ecosistemas _xAspectos económicos. |
|
| 650 | 6 | _aServicios Ecosistémicos | |
| 700 | 1 | _aGeorgiou, Stavros G. | |
| 700 | 1 | _aFisher, Brendan. | |
| 942 |
_2ddc _cLIBRO |
||
| 999 |
_c17745 _d17745 |
||